EFFECTIVE EXECUTIVE (Record no. 8318)

MARC details
000 -LEADER
fixed length control field 00254nam a22001097a 4500
005 - DATE AND TIME OF LATEST TRANSACTION
control field 20230609111557.0
008 - FIXED-LENGTH DATA ELEMENTS--GENERAL INFORMATION
fixed length control field 230603b |||||||| |||| 00| 0 eng d
022 ## - INTERNATIONAL STANDARD SERIAL NUMBER
ISSN 9770972517004
245 ## - TITLE STATEMENT
Title EFFECTIVE EXECUTIVE
650 ## - SUBJECT ADDED ENTRY--TOPICAL TERM
Topical Term MANAGEMENT
942 ## - ADDED ENTRY ELEMENTS (KOHA)
Koha item type Journals/Serial
Holdings
Lost status Damaged status Home library Current library Date acquired Source of acquisition Serial Enumeration / chronology Accession Number Koha item type
    JRU Library JRU Library 09/06/2023 PURCHASE VOL-XIII ISSUE NO.-1 MAR-2019 EE0001 Journals/Serial
    JRU Library JRU Library 09/06/2023 PURCHASE VOL-XIII ISSUE NO.-2 JUNE -2019 EE0002 Journals/Serial
    JRU Library JRU Library 09/06/2023 PURCHASE VOL-XIII ISSUE NO.-3 SEP-2019 EE0003 Journals/Serial
    JRU Library JRU Library 09/06/2023 PURCHASE VOL-XIII ISSUE NO.-4 DEC-2019 EE0004 Journals/Serial
    JRU Library JRU Library 09/06/2023 PURCHASE VOL-XXIII ISSUE NO.-1 MAR-2020 EE0005 Journals/Serial
    JRU Library JRU Library 09/06/2023 PURCHASE VOL-24 ISSUE NO.-3 SEP-2021 EE0006 Journals/Serial
    JRU Library JRU Library 09/06/2023 PURCHASE VOL-24 ISSUE NO.-4 DEC-2021 EE0007 Journals/Serial